Problémy európskej integrácie

Modely európskeho integračného procesu Nadnárodný vzor (supranacionalizmus). Federalizmus. Neofunkcionalizmus. Medzivládny vzor (intergovernmentalizmus). Teória vzájomnej závislosti. Koncepcia viacúrovňového vládnutia.

Salvato in:
Dettagli Bibliografici
Autore principale: Pavlíková, Zuzana
Natura: Capitolo di libro
Lingua:slovacco
Soggetti:
Tags: Aggiungi Tag
Nessun Tag, puoi essere il primo ad aggiungerne!!

MARC

LEADER 00000naa$a2200000$$$4500
001 0041643
005 20231107111422.6
041 0 |a slo 
044 |a SK 
245 1 0 |a Problémy európskej integrácie  |c Zuzana Pavlíková 
520 |a Modely európskeho integračného procesu Nadnárodný vzor (supranacionalizmus). Federalizmus. Neofunkcionalizmus. Medzivládny vzor (intergovernmentalizmus). Teória vzájomnej závislosti. Koncepcia viacúrovňového vládnutia. 
610 2 0 |a integrácia ekonomická medzinárodná 
610 2 0 |a politológia 
610 2 0 |a identita 
610 2 0 |a politika hospodárska medzinárodná 
610 2 0 |a zvyklosti kultúrne 
610 2 0 |a modely 
610 2 0 |a Európska únia 
610 2 0 |a globalizácia 
100 1 |a Pavlíková, Zuzana